Language Quiz

Random Language or Country Quiz

Finland Europe Double Language Terror Quiz Stats

 Plays Quiz not verified by Sporcle

Score 0/94 Timer 10:00
0 Plays Today
Hint Country % Correct
FinnishSuomi
80.5%
SwedishPortugal
78%
FinnishRuotsi
75.6%
FinnishSaksa
73.2%
FinnishLatvia
70.7%
FinnishRanska
68.3%
FinnishItalia
68.3%
FinnishSlovakia
68.3%
FinnishSlovenia
68.3%
FinnishEspanja
65.9%
SwedishNorge
65.9%
FinnishAndorra
63.4%
FinnishBelgia
63.4%
FinnishNorja
63.4%
FinnishVenäjä
63.4%
FinnishViro
63.4%
FinnishKosovo
63.4%
SwedishAndorra
63.4%
SwedishKosovo
63.4%
FinnishIslanti
61%
FinnishMonaco
61%
FinnishUkraina
61%
FinnishBulgaria
61%
FinnishAlbania
61%
FinnishKreikka
61%
SwedishMonaco
61%
SwedishSverige
61%
SwedishFinland
61%
SwedishUkraina
61%
FinnishIrlanti
58.5%
FinnishSan Marino
58.5%
FinnishMalta
58.5%
Hint Country % Correct
FinnishLuxemburg
58.5%
FinnishLiechtenstein
58.5%
FinnishItävalta
58.5%
FinnishRomania
58.5%
SwedishSan Marino
58.5%
SwedishMalta
58.5%
SwedishLuxemburg
58.5%
SwedishLiechtenstein
58.5%
FinnishTanska
56.1%
FinnishMontenegro
56.1%
SwedishTyskland
56.1%
SwedishMontenegro
56.1%
FinnishPuola
53.7%
FinnishUnkari
53.7%
FinnishSerbia
53.7%
FinnishKroatia
53.7%
FinnishPortugali
51.2%
FinnishValko-Venäjä
51.2%
SwedishDanmark
51.2%
FinnishLiettua
48.8%
FinnishTšekki
48.8%
SwedishFrankrike
48.8%
SwedishIsland
48.8%
SwedishEstland
48.8%
FinnishAlankomaat
46.3%
FinnishMoldova
46.3%
FinnishMakedonia
46.3%
FinnishSveitsi
43.9%
FinnishKypros
43.9%
SwedishSpanien
43.9%
SwedishItalien
43.9%
FinnishTurkki
41.5%
Hint Country % Correct
SwedishIrland
41.5%
SwedishPolen
41.5%
FinnishVatikaanivaltio
39%
SwedishBelgien
39%
FinnishBosnia ja Hertsegovina
36.6%
SwedishVatikanstaten
36.6%
SwedishRyssland
36.6%
SwedishAlbanien
36.6%
FinnishYhdistynyt kuningaskunta
34.1%
SwedishÖsterrike
34.1%
SwedishLettland
34.1%
SwedishSlovakien
34.1%
SwedishSlovenien
34.1%
SwedishKroatien
34.1%
SwedishGrekland
34.1%
SwedishLitauen
31.7%
SwedishBulgarien
31.7%
SwedishSerbien
29.3%
SwedishMakedonien
29.3%
SwedishNederländerna
26.8%
SwedishSchweiz
26.8%
SwedishVitryssland
26.8%
SwedishRumänien
26.8%
SwedishCypern
26.8%
SwedishFörenade konungariket
24.4%
SwedishMoldavien
24.4%
SwedishTjeckien
24.4%
SwedishUngern
24.4%
SwedishTurkiet
24.4%
SwedishBosnien och Hercegovina
19.5%

You're not logged in!

Compare scores with friends on all Sporcle quizzes.
OR
Log In

Sporcle TV

Today on Sporcle TV


Watch our educational content, quiz creation guides, and fun videos on Sporcle TV.

Show Comments

Extras

Top Quizzes Today


Score Distribution

Your Account Isn't Verified!

In order to create a playlist on Sporcle, you need to verify the email address you used during registration. Go to your Sporcle Settings to finish the process.

Report this User

Report this user for behavior that violates our Community Guidelines.

Details: